000 00762nam a2200241Ia 4500
001 8529
003 GE_BSU
008 181216s||||||||xx |||||||||||||| ||und||
040 _cGE_BSU
080 _a821.353.1-31
100 _aზედგინიძე,ელიზბარ
245 _aმზის ამოსვლამდე
245 _bრომანი
245 _cრედ. პ.ბებია, მხატვ. შ.ბერიტაშვილი
260 _aთბილისი
260 _bსახელგამი
260 _c1954
300 _a284გვ.20სმ.
300 _b1 ფურც. პორტრ.
653 _aმზის ამოსვლამდე
653 _aრომანი
942 _cBK
999 _c41846
_d41846